000 002260000a22000970004500
100 1 _aLara, Patricia
245 1 0 _aAl regreso del secuestro
300 _aVol. 12, Núm 12 (1993), Páginas 26
773 0 _tCambio 16
942 _cANA
999 _c58483
_d58483